|
|
|
|
| LEADER |
00000nam0a2200000 4500 |
| 001 |
247895 |
| 005 |
20240220120110.0 |
| 010 |
|
|
|a 9785438702375
|
| 035 |
|
|
|a (RuTPU)RU\TPU\book\269518
|
| 035 |
|
|
|a RU\TPU\book\230680
|
| 090 |
|
|
|a 247895
|
| 100 |
|
|
|a 20140115d2013 m y0rusy50 ca
|
| 101 |
0 |
|
|a rus
|
| 102 |
|
|
|a RU
|
| 105 |
|
|
|a a j 001zy
|
| 200 |
1 |
|
|a Теория и методы оптимизации
|e учебное пособие
|f Е. А. Кочегурова
|g Национальный исследовательский Томский политехнический университет (ТПУ)
|
| 210 |
|
|
|a Томск
|c Изд-во ТПУ
|d 2013
|
| 215 |
|
|
|a 134 с.
|c ил.
|
| 320 |
|
|
|a Библиогр.: с. 125-128.
|
| 320 |
|
|
|a Предметный указатель: с. 129--131.
|
| 330 |
|
|
|a Пособие посвящено одному из важнейших направлений подготовки выпускника технического университета - математической теории оптимизации. Рассмотрены теоретические и алгоритмические аспекты методов конечномерной оптимизации. Структура всех разделов учебного пособия однотипна и ориентирована на полный цикл изучения задачи оптимизации от теоретических основ до алгоритмизации конкретных методов. Предназначено для студентов направления 220400 "Управление в технических системах".
|
| 606 |
1 |
|
|a Оптимизация, теория
|2 stltpush
|3 (RuTPU)RU\TPU\subj\69558
|9 84360
|
| 610 |
1 |
|
|a одномерная оптимизация
|
| 610 |
1 |
|
|a безусловная оптимизация
|
| 610 |
1 |
|
|a линейное программирование
|
| 610 |
1 |
|
|a нелинейное программирование
|
| 610 |
1 |
|
|a задачи
|
| 610 |
1 |
|
|a труды учёных ТПУ
|
| 610 |
1 |
|
|a учебные пособия
|
| 675 |
|
|
|a 519.85(075.8)
|v 3
|
| 700 |
|
1 |
|a Кочегурова
|b Е. А.
|c специалист в области информатики и вычислительной техники
|c доцент Томского политехнического университета, кандидат технических наук
|f 1958-
|g Елена Алексеевна
|3 (RuTPU)RU\TPU\pers\27090
|9 12640
|
| 712 |
0 |
2 |
|a Национальный исследовательский Томский политехнический университет (ТПУ)
|c (2009- )
|3 (RuTPU)RU\TPU\col\15902
|
| 801 |
|
1 |
|a RU
|b 63413507
|c 20120311
|
| 801 |
|
2 |
|a RU
|b 63413507
|c 20140124
|g RCR
|
| 942 |
|
|
|c BK
|